Mario Kart DS Vehicles - Statistics

General Stats
  • This quiz has been taken 26 times
  • The average score is 22 of 36
Answer Stats
Character Vehicle % Correct
Mario B Dasher
89%
Yoshi Cucumber
78%
Yoshi Egg 1
78%
Luigi Poltergust 4000
72%
Donkey Kong Rambi Rider
72%
Mario Shooting Star
72%
Dry Bones Dry Bomber
67%
Waluigi Gold Mantis
67%
Toad Mushmellow
67%
Peach Royale
67%
Daisy Power Flower
61%
Bowser Standard BW
61%
Dry Bones Standard DB
61%
Donkey Kong Standard DK
61%
Daisy Standard DS
61%
Luigi Standard LG
61%
Mario Standard MR
61%
Peach Standard PC
61%
ROB Standard RB
61%
Toad Standard TD
61%
Waluigi Standard WL
61%
Wario Standard WR
61%
Yoshi Standard YS
61%
Bowser Tyrant
61%
Wario Brute
56%
Bowser Hurricane
56%
ROB ROB-LGS
56%
Luigi Streamliner
56%
Donkey Kong Wildlife
56%
Toad 4-Wheel Cradle
50%
Dry Bones Banisher
50%
Wario Dragonfly
50%
Daisy Light Dancer
50%
Peach Light Tripper
44%
Waluigi Zipper
44%
ROB ROB-BLS
39%
No matching quizzes found
Score Distribution
Percent of People with Each Score
Percentile by Number Answered
Your Score History
You have not taken this quiz